Sitcom Surnames Quiz Stats

 Plays Quiz Updated Jul 2, 2018

Score 0/30 Timer 06:00
1 Play Today
First Name Last Name % Correct
ChandlerBing
87.4%
GeorgeCostanza
68.7%
Heathcliff 'Cliff'Huxtable
68.3%
NilesCrane
67%
Ricky Ricardo
60.6%
Montgomery 'Monty'Burns
59.8%
RichieCunningham
57.7%
SteveUrkel
55.6%
Alex P.Keaton
54.7%
PhilipBanks
52.7%
DwightSchrute
51.1%
RayBarone
48.7%
EricForman
47%
Benjamin 'Hawkeye' Pierce
44.3%
CliffClavin
41.9%
First Name Last Name % Correct
LarryDavid
41.2%
FelixUnger
40.5%
RoseanneHarris-Conner
39.6%
JackTripper
37.6%
George MichaelBluth
34.2%
RalphKramden
33.2%
FranFine-Sheffield
30.4%
GraceAdler
29.7%
ElliotReid
23.9%
Harry T.Stone
20.5%
KennyMcCormick
15.8%
LatkaGravas
11.9%
LeonardHofstadter
11.5%
BillMcNeal
7%
WillieTanner
6.8%

You're not logged in!

Compare scores with friends on all Sporcle quizzes.
OR
Log In

Sporcle TV

Today on Sporcle TV


Watch our educational content, quiz creation guides, and fun videos on Sporcle TV.

Show Comments

Extras

Top Quizzes Today


Score Distribution

Your Account Isn't Verified!

In order to create a playlist on Sporcle, you need to verify the email address you used during registration. Go to your Sporcle Settings to finish the process.

Report this User

Report this user for behavior that violates our Community Guidelines.

Details: